<?xml version="1.0" encoding="UTF-8"?>
<collection xmlns="http://www.loc.gov/MARC21/slim">
<record>
  <controlfield tag="001">168627</controlfield>
  <controlfield tag="005">20260212205631.0</controlfield>
  <datafield tag="024" ind1="7" ind2=" ">
    <subfield code="2">doi</subfield>
    <subfield code="a">10.1016/j.indcrop.2025.122479</subfield>
  </datafield>
  <datafield tag="024" ind1="8" ind2=" ">
    <subfield code="2">sideral</subfield>
    <subfield code="a">148054</subfield>
  </datafield>
  <datafield tag="037" ind1=" " ind2=" ">
    <subfield code="a">ART-2026-148054</subfield>
  </datafield>
  <datafield tag="041" ind1=" " ind2=" ">
    <subfield code="a">eng</subfield>
  </datafield>
  <datafield tag="100" ind1=" " ind2=" ">
    <subfield code="a">Cebollada, Pilar</subfield>
  </datafield>
  <datafield tag="245" ind1=" " ind2=" ">
    <subfield code="a">Antibacterial and anti-biofilm properties of Cymbopogon martini (Roxb.) essential oil and geraniol against Staphylococcus aureus strains</subfield>
  </datafield>
  <datafield tag="260" ind1=" " ind2=" ">
    <subfield code="c">2026</subfield>
  </datafield>
  <datafield tag="520" ind1="3" ind2=" ">
    <subfield code="a">Cymbopogon martini (Roxb.) Wats, known as palmarosa, a perennial aromatic grass cultivated for its essential oil, represents a promising industrial crop widely used in perfumery, cosmetics, self-care products, and aromatherapy, with emerging applications in pharmaceutical formulations. This study investigates the chemical composition and antimicrobial potential of Cymbopogon martini essential oil and one of its main components, geraniol, against Staphylococcus aureus from clinical isolates and commercial sources. The effect upon planktonic state was assessed obtaining the MIC and MBC values. Biofilm viability and biomass were quantified using resazurin and crystal violet assays, respectively. Additionally, membrane disruption was explored as a potential mechanism of action. Potential toxicity was evaluated in A549 and HaCaT cell lines and in adult Artemia spp. GC-MS analysis revealed the presence of geraniol as the major compound (75.29 %) but also other terpenes like geranyl acetate (10.39 %), (E)-β-caryophyllene (3.14 %), linalool (2.90 %) and trans-β-ocimene (1.36 %). The essential oil displayed lower MIC and MBC values (MIC: 300–350 µg ml−1; MBC: 400 µg ml−1-450 µg ml−1) than the pure geraniol (MIC: 500 µg ml−1; MBC: 550–600 µg ml−1). Results showed nearly 100 % inhibition of biofilm formation across tested concentrations (500 µg ml−1 to 1000 µg ml−1). Unlike vancomycin, the essential oil remained active in disrupting established S. aureus biofilms (IC₅₀ = 554.47 µg ml−1). No cytotoxicity was observed in human cells at the range of concentrations from 250 µg ml−1 to 1000 µg ml−1. These findings highlight Cymbopogon martini as a valuable industrial crop with potential as a plant-derived antibiofilm agent.</subfield>
  </datafield>
  <datafield tag="506" ind1="0" ind2=" ">
    <subfield code="a">Access copy available to the general public</subfield>
    <subfield code="f">Unrestricted</subfield>
  </datafield>
  <datafield tag="536" ind1=" " ind2=" ">
    <subfield code="9">info:eu-repo/grantAgreement/ES/DGA/B44-23R</subfield>
  </datafield>
  <datafield tag="540" ind1=" " ind2=" ">
    <subfield code="9">info:eu-repo/semantics/openAccess</subfield>
    <subfield code="a">by-nc-nd</subfield>
    <subfield code="u">https://creativecommons.org/licenses/by-nc-nd/4.0/deed.es</subfield>
  </datafield>
  <datafield tag="655" ind1=" " ind2="4">
    <subfield code="a">info:eu-repo/semantics/article</subfield>
    <subfield code="v">info:eu-repo/semantics/publishedVersion</subfield>
  </datafield>
  <datafield tag="700" ind1=" " ind2=" ">
    <subfield code="a">Reigada, Inés</subfield>
  </datafield>
  <datafield tag="700" ind1=" " ind2=" ">
    <subfield code="a">Alvarado, Elena</subfield>
  </datafield>
  <datafield tag="700" ind1=" " ind2=" ">
    <subfield code="a">Gerediaga, Candela</subfield>
  </datafield>
  <datafield tag="700" ind1=" " ind2=" ">
    <subfield code="a">Ylätalo, Maarit</subfield>
  </datafield>
  <datafield tag="700" ind1=" " ind2=" ">
    <subfield code="a">Seral, Cristina</subfield>
    <subfield code="u">Universidad de Zaragoza</subfield>
    <subfield code="0">(orcid)0000-0002-9742-1463</subfield>
  </datafield>
  <datafield tag="700" ind1=" " ind2=" ">
    <subfield code="a">Hanski, Leena</subfield>
  </datafield>
  <datafield tag="700" ind1=" " ind2=" ">
    <subfield code="a">López, Víctor</subfield>
  </datafield>
  <datafield tag="710" ind1="2" ind2=" ">
    <subfield code="1">1011</subfield>
    <subfield code="2">630</subfield>
    <subfield code="a">Universidad de Zaragoza</subfield>
    <subfield code="b">Dpto. Microb.Ped.Radio.Sal.Pú.</subfield>
    <subfield code="c">Área Microbiología</subfield>
  </datafield>
  <datafield tag="773" ind1=" " ind2=" ">
    <subfield code="g">239 (2026), 122479 [8 pp.]</subfield>
    <subfield code="p">Ind. crops prod.</subfield>
    <subfield code="t">INDUSTRIAL CROPS AND PRODUCTS</subfield>
    <subfield code="x">0926-6690</subfield>
  </datafield>
  <datafield tag="856" ind1="4" ind2=" ">
    <subfield code="s">2272737</subfield>
    <subfield code="u">http://zaguan.unizar.es/record/168627/files/texto_completo.pdf</subfield>
    <subfield code="y">Versión publicada</subfield>
  </datafield>
  <datafield tag="856" ind1="4" ind2=" ">
    <subfield code="s">2626262</subfield>
    <subfield code="u">http://zaguan.unizar.es/record/168627/files/texto_completo.jpg?subformat=icon</subfield>
    <subfield code="x">icon</subfield>
    <subfield code="y">Versión publicada</subfield>
  </datafield>
  <datafield tag="909" ind1="C" ind2="O">
    <subfield code="o">oai:zaguan.unizar.es:168627</subfield>
    <subfield code="p">articulos</subfield>
    <subfield code="p">driver</subfield>
  </datafield>
  <datafield tag="951" ind1=" " ind2=" ">
    <subfield code="a">2026-02-12-20:38:14</subfield>
  </datafield>
  <datafield tag="980" ind1=" " ind2=" ">
    <subfield code="a">ARTICLE</subfield>
  </datafield>
</record>
</collection>